Tous les médaillés français aux jeux paralympiques de 2024 par images - Statistiques

Statistiques générales
  • Ce quiz a été pris 35 fois
    19 depuis la dernière actualisation
  • Le résultat moyen est 44 sur 75
Statistiques - réponses
Par images Hint Réponse % Correct
Para Cyclisme sur Piste, Poursuite Individuelle 3000m Hommes C2 Or Alexandre Léauté
100%
Para Cyclisme sur Piste, Contre La Montre 1000m Hommes C1-3 Bronze Alexandre Léauté
100%
Para Cyclisme sur Route, Contre-la-montre individuel Hommes C2 Or Alexandre Léauté
100%
Para Cyclisme sur Route, Course sur route Hommes C1-3 Bronze Alexandre Léauté
100%
Para Natation, 100m papillon S13 Hommes Argent Alex Portal
100%
Para Natation, 100m dos Hommes S13 Argent Alex Portal
100%
Para Natation, 400 m nage libre S13 - hommes Argent Alex Portal
100%
Para Natation, 200m 4 nages Hommes SM13 Argent Alex Portal
100%
Para Cyclisme sur piste, Contre La Montre 500m Femmes C4-5 Argent Marie Patouillet
100%
Para Cyclisme sur Piste, Poursuite Individuelle 3000m Femmes C5 Or Marie Patouillet
100%
Para Natation, 400m nage libre S9 Hommes Or Ugo Didier
88%
Para Natation, 100m Dos Hommes S9 Argent Ugo Didier
88%
Para Tennis de Table, Simple Hommes MS2 Bronze Fabien Lamirault
75%
Para Tennis de Table, Double Hommes MD4 Bronze Fabien Lamirault, Julien Michaud
75%
Para Tennis de Table, Doubles Mixtes - XD7 Bronze Florien Merrien, Flora Vautier
75%
Para Natation, 100m Brasse Hommes - SB9 Or Hector Denayer
75%
Para Natation, 200m 4 nages Hommes SM9 Bronze Hector Denayer
75%
Para Natation, 400 m nage libre S13 - hommes Bronze Kylian Portal
75%
Para Tennis de Table, Simples Hommes - MS9 Argent Lucas Didier
75%
Para Athlétisme, 400m Hommes - T11 Argent Timothee Adolphe, Guide: Jeffrey Lami
75%
Para Natation, 200m 4 nages Hommes SM9 Argent Udo Didier
75%
Para Athlétisme, 1500m Hommes - T46 Bronze Antoine Praud
63%
Boccia, Individuel BC1 - Femmes Or Aurélie Aubert
63%
Para Badminton, Simple hommes SH6 Or Charles Noakes
63%
Para Tennis de Table, Doubles Hommes - MD14 Bronze Clément Berthier, Esteban Herrault
63%
Para Cyclisme sur Piste, Poursuite Individuelle 4000m Hommes C5 Or Dorian Foulon
63%
Para Cyclisme sur Route, Contre-la-montre individuel Hommes C5 Bronze Dorian Foulon
63%
Para Cyclisme sur Piste, Poursuite Individuelle 3000m Femmes C5 Argent Heidi Gaugain
63%
Para Cyclisme sur Route, Contre-la-montre individuel femmes C5 Argent Heidi Gaugain
63%
Para Natation, 50m Papillon Hommes S6 Bronze Laurent Chardard
63%
Para Natation, 100 m nage libre S6 Hommes Bronze Laurent Chardard
63%
Para Badminton, Simple hommes SL4 Or Lucas Mazur
63%
Para Badminton, Double mixte SL3-SU5 Bronze Lucas Mazur, Faustine Noël
63%
Para Tennis de Table, Simples Hommes - MS10 Bronze Mateo Boheas
63%
Para Canoe, KL3 200m Femmes Argent Nélia Barbosa
63%
Para Tir Sportif, R4 - 10m Carabine Position Debout Equipe Mixte SH2 Argent Tanguy De La Forest
63%
Para Tir Sportif, R5 - 10m Carabine Position Couchée Or Tanguy De La Forest
63%
Para Athlétisme, 100m Hommes T11 Argent Timothée Adolphe, Guide: Charles Renard
63%
Para Triathlon, Hommes PTS4 Or Alexis Hanquinquant
50%
Para Triathlon, Hommes PTVI Bronze Antoine Perel, Guide: Yohan Le Berre
50%
Para Natation, 100 m nage libre S10 - femmes Or Emeline Pierre
50%
Para Natation, 100m Dos Femmes S10 Bronze Emeline Pierre
50%
Para Cyclisme sur Route, Contre-la-montre individuel Hommes H2 Bronze Florian Jouanny
50%
Para Cyclisme sur Route, Course sur route Hommes H1-2 Or Florian Jouanny
50%
Para Cyclisme sur Piste, Poursuite Individuelle 4000m Hommes C4 Bronze Gatien Le Rousseau
50%
Para Cyclisme sur Route, Contre-la-montre individuel Hommes C4 Argent Gatien Le Rousseau
50%
Para Athlétisme, Lancer de Poids Femmes - F20 Argent Gloria Agblemagnon
50%
Para Cyclisme sur Route, Course sur route femmes C4-5 Argent Heidi Gaugain
50%
Para Tir Sportif, R6 - 50m Carabine Position Couchée Bronze Jean Louis Michaud
50%
Para Triathlon, Hommes PTS2 Or Jules Ribstein
50%
Para Cyclisme sur Route, Contre-la-montre individuel Hommes C4 Or Kevin Le Cunff
50%
Para Cyclisme sur Route, Course sur route Hommes C4-5 Argent Kevin Le Cunff
50%
Para Athlétisme, Saut en Longueur Femmes - T37 Bronze Manon Genest
50%
Para Cyclisme sur Route, Contre-la-montre individuel Hommes H3 Or Mathieu Bosredon
50%
Para Cyclisme sur Route, Course sur route Hommes H3 Or Mathieu Bosredon
50%
Para Cyclisme sur Route, Relais mixte par équipe H1-5 Or Mathieu Bosredon, Florian Jouanny, Joseph Fritsch
50%
Para Judo, Femmes -48kg Argent Sandrine Martinet
50%
Para Cyclisme sur Route, Course sur route Hommes B Bronze Alexandre Lloveras, Guide: Yohann Paillot
38%
Para Taekwondo, -65kg Femmes K44 Argent Djelika Diallo
38%
Para Aviron, PR3 Quatre de pointe avec barreur – Mixte Bronze Grégoire Bireau, Margot Boulet, Candyce Chafa, Remy Taranto
38%
Para Cyclisme sur Route, Contre-la-montre individuel Hommes H5 Argent Loïc Vergnaud
38%
Para Cyclisme sur Route, Course sur route Hommes H5 Argent Loïc Vergnaud
38%
Escrime Fauteuil, Fleuret Hommes par Equipe Bronze Ludovic Lemoine, Yohan Peter, Damien Tokatlian, Maxime Valet
38%
Para Aviron, PR1 Skiff – Femmes Bronze Nathalie Benoit
38%
Para Triathlon, Hommes PTVI Argent Thibaut Rigaudeau, Guide: Cyril Viennot
38%
Para Cyclisme sur Route, Contre-la-montre individuel Hommes C3 Argent Thomas Peyroton Dartet
38%
Para Cyclisme sur Route, Course sur route Hommes C1-3 Argent Thomas Peyroton Dartet
38%
Para Judo, Hommes -90kg J1 Bronze Cyril Jonard
25%
Para Cyclisme sur Route, Contre-la-montre individuel Hommes B Argent Elie De Carvalho, Guide: Mickael Guichard
25%
Cécifoot, Hommes Or Hakim Arezki, Martin Baron, Alessandro Bartolomucci, Benoit Chevreau de Montlehu, Ahmed Tidiane Diakite, Mickael Miguez, Fabrice Morgado, Gael Riviere, Frederic Villeroux, Khalifa Youme
25%
Para Judo, Hommes -90kg J2 Argent Helios Latchoumanaya
25%
Para Judo, Hommes +90kg J1 Bronze Jason Grandry
25%
Para Cyclisme sur Route, Contre-la-montre individuel Hommes H3 Argent Johan Quaile
25%
Para Cyclisme sur Route, Course sur route Hommes H3 Argent Johan Quaile
25%
Para Canoe, KL1 200m Hommes Rémy Boullé
25%
Aucun quiz correspondant
Distribution des résultats
% des personnes avec chaque résultat
Percentile par nombre de réponses
Votre historique - résultats
Vous n’avez pas pris ce quiz depuis la dernière actualisation